000 00737cam a22002171 4500
001 ne 62001213
003 DLC
005 20260227111737.0
008 890329m19591960ua 000 0 ararc
010 _ane 62001213
035 _a(OCoLC)19475161
040 _aPrinceton Univ. Libr.
_cCU
_dCU
_dFU
_dDLC
050 0 0 _aDT107.83
_b.S28
100 1 _aSaʻīd, Amīn.
245 1 3 _aal-Jumhūrīyah al-ʻArabīyah al-Muttaḥidah,
_ctaʼlīf Amīn Saʻīd.
260 _a[al-Qāhirah]
_bʻĪssa al-Bābī al-Ḥalabī
_c[1959-1960]
300 _a2 v.
_c26 cm.
490 0 _aSilsilat kutub tārikh al-ʻArab al-ḥadīth,
_v15
651 0 _aUnited Arab Republic
_xPolitics and government.
651 0 _aUnited Arab Republic
_xForeign relations.
999 _c45223
_d45223